000 00634nam a2200265Ia 4500
005 20260306163618.0
008 008 260114s9999 xx 000 0 eng d
020 _a9780813177953
037 _aEBOOK
040 _aCRL
040 _beng
040 _cCRL
041 _2eng
041 _aeng
084 _qCRL
100 _aLi
245 0 _aBuilding Ho's Army: Chinese Military Assistance To North Vietnam
260 _bUniversity Press of Kentucky
260 _c2020
650 _aSocial Work
856 _uhttps://academic.oup.com/book/37128
942 _cEBOOK
999 _c1710795
_d1710795